[Event "Wch U16"]
[Site "Duisburg"]
[Date "1992.??.??"]
[Round "8"]
[White "Bauer, Christian"]
[Black "Parker, Jonathan"]
[Result "1/2-1/2"]
[WhiteElo "2325"]
[BlackElo "2370"]

1.Nf3 d5 2.c4 e6 3.g3 Nf6 4.Bg2 Be7 5.O-O O-O 6.b3 a5 7.Nc3 b6 8.Ne5 Bb7
9.d4 Na6 10.Bf4 Qc8 11.cxd5 exd5 12.Rc1 Qe6 13.e3 Rfd8 14.Nf3 Bd6 15.Bxd6 Qxd6
16.Nb5 Qd7 17.Qe2 c6 18.Ne5 Qe6 19.Nc3 Nb8 20.Qd2 Nbd7 21.f4 Rac8 22.Na4 Nxe5
23.fxe5 Nd7 24.Rf4 c5 25.Rcf1 f6 26.exf6 Nxf6 27.Rh4 Qc6 28.dxc5 bxc5 29.Qc2 Rc7
30.Qf5 Re8 31.Nc3 Qe6 32.Qxe6+ Rxe6 33.Nb5 Rce7 34.Ra4 Rxe3 35.Rxa5 h5 36.Nd6 R3e5
37.Nxb7 Rxb7 38.Rxc5 Rb8 39.Rd1 Re2 40.Ra5 Rc8 41.Bf3 Rb2 42.Bxd5+ Nxd5 43.Raxd5 Rcc2
44.Rxh5 Rxa2 45.Rb1 g6 46.Rh4 Rd2 47.b4 Kg7 48.b5 Rdb2 49.Rxb2 Rxb2 50.Re4 Rxb5
51.Kf2 Rb2+ 52.Re2 Rb3 53.h4 Kf6 54.Re3 Rb4 55.Rc3 Ra4 56.Kf3 Rb4 57.Rc6+ Kf7
58.g4 Ra4 59.Rc7+ Kf6 60.Rc6+ Kf7 61.Rc3 Kf6 62.Re3 Rb4 63.Re4 Rb1  1/2-1/2

[Event "Erkelmem op"]
[Site "Erkelmem"]
[Date "1992.??.??"]
[Round "?"]
[White "Kopjonkin, Gennady"]
[Black "Laszlo, Janos"]
[Result "1-0"]
[WhiteElo "2300"]
[BlackElo "2275"]

1.Nf3 d5 2.c4 d4 3.g3 Nc6 4.Bg2 e5 5.d3 Bb4+ 6.Bd2 a5 7.O-O Nf6 8.Na3 O-O
9.Nc2 Bxd2 10.Nxd2 Re8 11.a3 Qd6 12.Rc1 Bf5 13.b4 axb4 14.axb4 e4 15.dxe4 Nxe4
16.Nxe4 Bxe4 17.b5 Bxg2 18.Kxg2 Ne5 19.Nxd4 Rad8 20.Nf3 Nxf3 21.exf3 Qc5
22.Re1 g6 23.Rxe8+ Rxe8 24.Rc2 c6 25.Qd7 Re7  1-0

[Event "FRA-chT"]
[Site "?"]
[Date "1992.??.??"]
[Round "?"]
[White "Letreguilly, Olivier"]
[Black "Haik, Aldo"]
[Result "0-1"]
[WhiteElo "2295"]
[BlackElo "2375"]

1.Nf3 d5 2.c4 c6 3.g3 Nf6 4.b3 dxc4 5.bxc4 e5 6.Nc3 e4 7.Ng1 Bc5 8.e3 O-O
9.Qc2 Re8 10.Bg2 Bf5 11.Nge2 Nbd7 12.Na4 Bf8 13.Bb2 Ne5 14.Bxe5 Rxe5 15.Nd4 Bd7
16.f4 Re8 17.Nc3 c5 18.Nde2 Bc6 19.O-O Qd7 20.h3 Rad8 21.Rad1 h5 22.Nc1 Qe6
23.Qb3 a6 24.a4 Bd6 25.Rf2 Bc7 26.Bf1 Ba5 27.N1a2 Qf5 28.Rc1 Re6 29.Qd1 Red6
30.Rc2 Rd3 31.Qb1 R8d6 32.Rh2 Qe6 33.Rb2 Rd7 34.Bxd3 exd3 35.Qd1 Ne4 36.Nxe4 Qxe4
37.Qxh5 Bxd2 38.Rbxd2 Qxe3+ 39.Kf1 Bf3 40.Qe5 Be2+  0-1

[Event "FRA-chT"]
[Site "?"]
[Date "1992.??.??"]
[Round "?"]
[White "Ivkov, Borislav"]
[Black "Rausis, Igors"]
[Result "1/2-1/2"]
[WhiteElo "2475"]
[BlackElo "2460"]

1.Nf3 d5 2.c4 c6 3.e3 Nf6 4.Nc3 a6 5.Be2 Bg4 6.cxd5 cxd5 7.Qa4+ Nc6 8.Ne5 Bxe2
9.Nxc6 Qd7 10.Ne5 Qxa4 11.Nxa4 Bb5 12.Nb6 Rb8 13.a4 Bc6 14.d3 e6 15.Bd2 Bd6
16.Bc3 Ke7 17.Rc1 Nd7 18.Nexd7 Bxd7 19.Bxg7 Rhd8 20.Nxd7 Kxd7 21.Bc3 b5 22.axb5 axb5
23.f4 Rf8 24.Ke2 Ra8 25.Ra1 b4 26.Bf6 Rfc8 27.Rhc1 Rxa1 28.Rxa1 Rc2+ 29.Kf3 Bc5
30.b3 Kc6 31.d4 Bb6 32.Rb1  1/2-1/2

[Event "Gausdal Int"]
[Site "Gausdal"]
[Date "1992.??.??"]
[Round "7"]
[White "Anstad, Tor"]
[Black "Giorgadze, Giorgi"]
[Result "0-1"]
[WhiteElo "2305"]
[BlackElo "2525"]

1.Nf3 d5 2.c4 e6 3.g3 g6 4.Bg2 Bg7 5.O-O Ne7 6.cxd5 exd5 7.d4 O-O 8.Nc3 Nbc6
9.Bg5 h6 10.Bxe7 Nxe7 11.b4 Qd6 12.Qb3 a6 13.Rfd1 Be6 14.Rac1 b5 15.a4 c6
16.Ra1 g5 17.Ra2 Rfb8 18.e3 Nc8 19.Rda1 Nb6 20.axb5 axb5 21.Rxa8 Rxa8 22.Rxa8+ Nxa8
23.Ne1 Bf5 24.Bf1 Bf8 25.Na2 Nb6 26.Bd3 Be6 27.Qa3 Nc4 28.Qa6 h5 29.Be2 h4
30.Nd3 hxg3 31.hxg3 Nxe3 32.Ne5 Nf5 33.Nxc6 Nxd4 34.Bxb5 Nxb5 35.Qxb5 Bd7  0-1

[Event "Geneve op"]
[Site "Geneve"]
[Date "1992.??.??"]
[Round "3"]
[White "Gurevich, Dmitry"]
[Black "Preissmann, Emmanuel"]
[Result "1/2-1/2"]
[WhiteElo "2515"]
[BlackElo "2295"]

1.Nf3 d5 2.c4 e6 3.d4 c6 4.Qc2 Nf6 5.g3 dxc4 6.Qxc4 b5 7.Qc2 Bb7 8.Nbd2 Na6
9.Qb3 Qb6 10.a4 Nb4 11.Bg2 a6 12.O-O c5 13.axb5 axb5 14.Rxa8+ Bxa8 15.Qa3 Bd5
16.dxc5 Bxc5 17.Nb3 Be7 18.Be3 Qa6 19.Qxa6 Nxa6 20.Nbd4 b4 21.Ra1 Nc5 22.Ra7 Ncd7
23.Ne1 Bc5 24.Ra5 Bxg2 25.Nxg2 Ke7 26.Nc6+ Kd6 27.Bxc5+ Nxc5 28.Nxb4 Rb8
29.Rxc5 Rxb4 30.Rc2 Nd5 31.Ne1 e5 32.Nd3 Rd4 33.Rc8 e4 34.Nf4 Nxf4 35.gxf4 Ke6
36.Rb8 h6 37.Kg2 Rd2 38.e3 g5 39.Rb6+ Kf5 40.fxg5 hxg5 41.b4 Rb2 42.b5 Rb1
43.Rb7 Kf6 44.b6 Kg6 45.Rb8 Kf6 46.b7 Kf5 47.h3 Kf6 48.f3 exf3+ 49.Kxf3 Rb3
50.Ke4 Rb1 51.Kd5 Rd1+ 52.Kc6 Rc1+ 53.Kd7 Rb1 54.e4 Rb3 55.Kd6 Rb1 56.e5+ Kg7
57.Kc5 Rb2 58.Kc6 Rc2+ 59.Kd5 Rb2 60.Ke4 Rb1 61.Kf5 Rb5 62.Kg4 Kh7 63.Rd8 Rxb7
64.Kxg5 Kg7 65.Rd4 Rb1 66.h4 Re1 67.Kf5 Rf1+ 68.Rf4 Rh1 69.Rg4+ Kf8 70.Re4 Rf1+
71.Kg5 Kg7 72.Rf4 Re1 73.Kf5 Rh1 74.Kg4 Re1 75.Rf5 Re4+ 76.Kh5 Re1 77.Rg5+ Kh7
78.Kg4 Re4+ 79.Kh3 f6 80.exf6 Rf4 81.Rg7+ Kh6  1/2-1/2

[Event "NRW-Liga I 9192"]
[Site "Germany"]
[Date "1992.??.??"]
[Round "?"]
[White "Hollermann, Thomas"]
[Black "Kern, Guido"]
[Result "1-0"]
[WhiteElo "2265"]
[BlackElo "2280"]

1.Nf3 d5 2.c4 e6 3.g3 Nf6 4.Bg2 dxc4 5.Qa4+ Nbd7 6.Qxc4 c5 7.O-O a6 8.Qc2 Rb8
9.d3 Bd6 10.Nc3 b6 11.Rd1 Bb7 12.e4 O-O 13.d4 cxd4 14.Nxd4 Qc7 15.Qe2 Bb4
16.Bd2 Bxc3 17.Rac1 Rbc8 18.Bxc3 Qb8 19.Nc2 Rfd8 20.f3 Nf8 21.Ne3 Rxd1+ 22.Rxd1 Rd8
23.Bxf6 gxf6 24.Ng4 Kg7 25.Rxd8 Qxd8 26.Qe3 Ng6 27.h4 f5 28.exf5 exf5 29.Qc3+ f6
30.Ne3 f4 31.Nf5+ Kf7 32.h5 Ne5 33.gxf4 Nd3 34.Qc4+ Kf8 35.Bf1 Nc5 36.Qc3 a5
37.Kf2 Bc8 38.Ne3 Qd6 39.f5 Kg7 40.Kg2 Qf4  1-0

[Event "BL2-W9192"]
[Site "Germany"]
[Date "1992.??.??"]
[Round "?"]
[White "Jackelen, Thomas"]
[Black "Pekarek, Ales"]
[Result "1/2-1/2"]
[WhiteElo "2400"]
[BlackElo "2455"]

1.Nf3 d5 2.c4 d4 3.a3 g6 4.e3 Nc6 5.exd4 Nxd4 6.Nxd4 Qxd4 7.Nc3 c6 8.d3 Bh6
9.Be2 Bf5 10.O-O Rd8 11.Re1 Rd7 12.h3 Bxc1 13.Qxc1 h5 14.Qg5 Nf6 15.Rad1 O-O
16.Bf1 Rfd8 17.Re3 Nh7 18.Qh6 Nf8 19.Rde1 Ne6 20.Re5 Qf4 21.Qxf4 Nxf4 22.Rxe7 Nxd3
23.Bxd3  1/2-1/2

[Event "BL2-W9192"]
[Site "Germany"]
[Date "1992.??.??"]
[Round "?"]
[White "Jackelen, Thomas"]
[Black "Kuijf, Marinus"]
[Result "1-0"]
[WhiteElo "2400"]
[BlackElo "2440"]

1.Nf3 d5 2.c4 e6 3.d4 c6 4.Qc2 f5 5.g3 Nf6 6.Bg2 Be7 7.O-O O-O 8.b3 Na6 9.Bb2 Bd7
10.Ne5 Be8 11.Nd2 Nb4 12.Qc1 a5 13.a3 Na6 14.Ndf3 Ne4 15.Qc2 Rc8 16.Rac1 Rc7
17.Qd3 g5 18.Ne1 Bf6 19.f3 Bxe5 20.dxe5 Nec5 21.Qc2 f4 22.Rd1 Rd7 23.Bh3 Bg6
24.Nd3 fxg3 25.hxg3 Re8 26.Qc3 Qb6 27.Nf2 Nxb3 28.Kg2 d4 29.Qe1 Bf5 30.e3 d3
31.Bxf5 exf5 32.Nxd3 Nbc5 33.Bd4 Qa7 34.Nxc5 Nxc5 35.Bxc5  1-0

[Event "BL2-S9192"]
[Site "Germany"]
[Date "1992.??.??"]
[Round "?"]
[White "Schindler, Werner"]
[Black "Gabriel, Robert"]
[Result "1-0"]
[WhiteElo "2300"]
[BlackElo "2250"]

1.Nf3 d5 2.c4 e6 3.g3 g6 4.Bg2 Bg7 5.d4 Ne7 6.O-O Nbc6 7.Nc3 O-O 8.e3 dxc4
9.Qa4 e5 10.Nxe5 Nxe5 11.dxe5 Bxe5 12.Rd1 Qe8 13.Qxc4 c6 14.e4 Bg4 15.f3 Be6
16.Qe2 Bg7 17.Bg5 f6 18.Be3 Qf7 19.f4 b6 20.b3 Rfd8 21.Rd3 f5 22.e5 Bf8 23.Rad1 Rxd3
24.Qxd3 Kg7 25.Qa6 Nd5 26.Nxd5 cxd5 27.Bxb6 Bc8 28.Qa5 axb6 29.Qxa8 Bb7 30.Qd8 Bc5+
31.Kh1 Bc6 32.b4 Bxb4 33.Qxb6 Ba4 34.Qf6+ Qxf6 35.exf6+  1-0

[Event "BL2-S9192"]
[Site "Germany"]
[Date "1992.??.??"]
[Round "?"]
[White "Ostl, Andreas"]
[Black "Mozny, Milos"]
[Result "1/2-1/2"]
[WhiteElo "2340"]
[BlackElo "2400"]

1.Nf3 d5 2.c4 e6 3.d4 c5 4.e3 Nf6 5.Nc3 Nc6 6.cxd5 exd5 7.Be2 Be7 8.O-O O-O
9.b3 Ne4 10.Bb2 Bf6 11.Rc1 cxd4 12.Nxe4 dxe4 13.Nxd4 Nxd4 14.Bxd4 Bxd4 15.exd4 Be6
16.Bc4 Bd5 17.Qd2 Qd6 18.Rfd1 Rfd8 19.Qg5 h6 20.Qh5 a6 21.Kf1 Qe6 22.Qe5 Bxc4+
23.bxc4 Qxe5 24.dxe5 Rac8 25.Rxd8+ Rxd8 26.Rb1 Rd4 27.Rxb7 Rxc4 28.Rb8+  1/2-1/2

[Event "BL2-S9192"]
[Site "Germany"]
[Date "1992.??.??"]
[Round "?"]
[White "Gabriel, Christian"]
[Black "Rausis, Igors"]
[Result "1-0"]
[WhiteElo "2360"]
[BlackElo "2460"]

1.Nf3 d5 2.c4 d4 3.g3 Nc6 4.Bg2 e5 5.O-O a5 6.d3 Bc5 7.Na3 Nf6 8.Nb5 O-O
9.Bg5 Be7 10.e4 Nd7 11.Bxe7 Nxe7 12.c5 Nc6 13.Rc1 a4 14.Na3 Qe7 15.Nb5 Qd8
16.Na3 Ra5 17.Qc2 Qe7 18.Rfe1 Re8 19.Bf1 g6 20.Kg2 Kg7 21.Be2 Qe6 22.Nd2 h5
23.Ndc4 Rxc5 24.Qxa4 Nf6 25.Kg1 h4 26.b4 hxg3 27.fxg3 Rh8 28.Bf1 Ng4 29.Re2 b5
30.Nxb5 Rxc4 31.Rxc4 Ne3 32.Rc1 Qg4 33.Rf2 Qg5 34.Qb3 Be6 35.Qb2 Nxb4 36.Nxc7 Ng4
37.Nxe6+ fxe6 38.Rc7+ Kh6 39.Qxb4 Nxf2 40.Kxf2 Qf6+ 41.Kg2 Rf8 42.Qd2+ g5
43.Qe2 Rb8 44.Qf3 Rb2+ 45.Be2 Qxf3+ 46.Kxf3 g4+ 47.Kf2 Rxa2 48.Rc6  1-0

[Event "BL2-O9192"]
[Site "Germany"]
[Date "1992.??.??"]
[Round "?"]
[White "Boehlig, Heinz"]
[Black "Steudtmann, Christian"]
[Result "0-1"]
[WhiteElo "2315"]
[BlackElo "2290"]

1.Nf3 d5 2.c4 c6 3.b3 d4 4.g3 g6 5.Bg2 Bg7 6.d3 e5 7.O-O Ne7 8.Na3 O-O 9.Nc2 f5
10.Rb1 f4 11.b4 Nd7 12.gxf4 Nf5 13.e3 exf4 14.Ncxd4 Nxd4 15.exd4 g5 16.h3 h5
17.Nh2 Nf6 18.h4 Ng4 19.hxg5 Nxh2 20.Kxh2 Qxg5 21.Rh1 Bg4 22.Qd2 Rae8 23.Re1 Bxd4
24.Rxe8 Rxe8 25.Bb2 Re2 26.Qxe2 Bxe2 27.Bxd4 f3 28.Rg1 fxg2  0-1

[Event "BL2-N9192"]
[Site "Germany"]
[Date "1992.??.??"]
[Round "?"]
[White "Muse, Drazen"]
[Black "Federau, Juergen"]
[Result "1-0"]
[WhiteElo "2230"]
[BlackElo "2315"]

1.Nf3 d5 2.c4 e6 3.d4 Nf6 4.Nc3 dxc4 5.e4 Bb4 6.Bg5 c5 7.Bxc4 cxd4 8.Nxd4 Nbd7
9.O-O Bxc3 10.bxc3 Qa5 11.Bxf6 Nxf6 12.Re1 O-O 13.e5 Nd5 14.Rc1 Qc5 15.Bd3 Bd7
16.Qh5 g6 17.Qh6 Rfc8 18.Nf3 Qf8 19.Qd2 Bc6 20.Be4 Rd8 21.Qg5 Rd7 22.h4 h6
23.Qg3 Qg7 24.Nh2 h5 25.Nf3 Ne7 26.Ng5 Rad8 27.Qf4 Rd2 28.Rc2 Rd1 29.Re2 Rxe1+
30.Rxe1 Bxe4 31.Nxe4 Nc6 32.Nf6+ Kh8 33.Re3 Qf8 34.Rg3 Ne7 35.Qg5 Nf5 36.Rf3 Qh6
37.Rxf5  1-0

[Event "BL2-N9192"]
[Site "Germany"]
[Date "1992.??.??"]
[Round "?"]
[White "Loeffler, Stefan"]
[Black "Brameyer, Hermann"]
[Result "1-0"]
[WhiteElo "2310"]
[BlackElo "2295"]

1.Nf3 d5 2.c4 c6 3.g3 Nf6 4.Bg2 Bf5 5.O-O h6 6.cxd5 cxd5 7.Qb3 Qb6 8.Qxb6 axb6
9.Nc3 e6 10.d3 Bc5 11.Nd2 Nc6 12.e4 dxe4 13.dxe4 Bg6 14.Nb3 Bb4 15.Nb5 O-O
16.f3 Na5 17.Be3 Nc4 18.Bd4 e5 19.Rfc1 Rfc8 20.Bf1 exd4 21.Bxc4 d3 22.Bxd3 Rxc1+
23.Nxc1 Nd7 24.Kf1 f6 25.Bc4+ Bf7 26.Bxf7+ Kxf7 27.Nd3 Be7 28.Ke2 Ra5 29.a4 Ra8
30.Nc7 Ra5 31.Nb5 Ra8 32.b3 Rc8 33.Kd2 Rd8 34.Rd1 Ne5 35.Ke2 Nc6 36.Nf4 Na5
37.Rxd8 Bxd8 38.b4 Nc6 39.Nd6+ Ke7 40.Nf5+ Kf7 41.Nd5 Ke6 42.Nxg7+ Ke5 43.Kd3  1-0

[Event "Groningen op"]
[Site "Groningen"]
[Date "1992.??.??"]
[Round "6"]
[White "Anastasian, Ashot"]
[Black "Sakaev, Konstantin"]
[Result "1-0"]
[WhiteElo "2490"]
[BlackElo "2540"]

1.Nf3 d5 2.c4 d4 3.g3 c5 4.Bg2 Nc6 5.O-O e5 6.d3 Bd6 7.e3 Nge7 8.exd4 cxd4
9.Re1 O-O 10.a3 a5 11.Nbd2 Ng6 12.Qc2 Re8 13.Rb1 Bf8 14.h4 Bg4 15.Nh2 Be6
16.Ne4 h6 17.h5 Nh8 18.g4 f6 19.Qe2 Nf7 20.Bd2 a4 21.Nf1 Qd7 22.Bf3 Reb8
23.Nfg3 b5 24.c5 Ne7 25.Rbc1 Ra6 26.Nf5 Nxf5 27.c6 Qc7 28.Nc5 Bxc5 29.gxf5 Bxf5
30.Rxc5 Nd8 31.Rec1 Be6 32.Bg2 Bb3 33.Qg4 Kh8 34.Qd7 Ne6 35.Bh3 Qxd7 36.cxd7 Nxc5
37.Rxc5 Raa8 38.Ba5 Bd1 39.Bg2 Bg4 40.Bxa8 Bxd7 41.Be4  1-0

[Event "Groningen op"]
[Site "Groningen"]
[Date "1992.??.??"]
[Round "8"]
[White "Anastasian, Ashot"]
[Black "Savchenko, Stanislav"]
[Result "0-1"]
[WhiteElo "2490"]
[BlackElo "2505"]

1.Nf3 d5 2.c4 c6 3.Qc2 Nf6 4.g3 Bg4 5.Bg2 e6 6.O-O Nbd7 7.b3 Bd6 8.Bb2 O-O
9.d3 Qe7 10.a3 e5 11.h3 Be6 12.Nbd2 h6 13.Rfe1 a5 14.c5 Bc7 15.Rac1 Nh7 16.e4 d4
17.Nxd4 exd4 18.Bxd4 Ng5 19.h4 Nh3+ 20.Kf1 Rad8 21.Nf3 f6 22.Bb2 Ne5 23.d4 Nxf3
24.Bxf3 Qf7 25.Bg2 Bxb3 26.Qc3 Be6 27.f4 Bxf4 28.gxf4 Nxf4 29.Bf3 f5 30.d5 cxd5
31.exd5 Bxd5 32.Bxd5 Nxd5 33.Qf3 f4 34.Re2 Ne3+ 35.Kg1 Rd3 36.Kh1 Rfd8 37.Be5 Nf5  0-1

[Event "Gyor opJ"]
[Site "Gyor"]
[Date "1992.??.??"]
[Round "?"]
[White "Fancsy, Imre"]
[Black "Ezsol, Miklos"]
[Result "0-1"]
[WhiteElo "2335"]
[BlackElo "2325"]

1.Nf3 d5 2.c4 c6 3.g3 Bg4 4.Bg2 Bxf3 5.Bxf3 Nf6 6.O-O e6 7.b3 dxc4 8.bxc4 Nbd7
9.d3 Bd6 10.Nc3 O-O 11.Rb1 Qc7 12.Be3 e5 13.Qb3 b6 14.Rb2 Rac8 15.Na4 Be7
16.Bd2 Rfd8 17.Bb4 Nf8 18.Bxe7 Qxe7 19.Qb4 Qxb4 20.Rxb4 Ne6 21.Nc3 Rd4 22.a4 Nc5
23.Ra1 Nxd3 24.exd3 Rxd3 25.a5 Rxc3 26.axb6 axb6 27.Bxc6 g6 28.Ra8 Rxa8 29.Bxa8 Kg7
30.Bd5 Nxd5 31.cxd5 Rc5 32.Rxb6 Rxd5 33.h4 Rd7 34.Kg2 f5 35.Re6 Rd5 36.Re7+ Kh6
37.Kf3 e4+ 38.Ke2 Ra5 39.Kf1 Ra8 40.Rb7 Rg8 41.Ra7 Rg7 42.Ra2 Rb7 43.Kg2 Kh5
44.Kh3 Rb3 45.Ra7 h6 46.Ra5 Rf3 47.Kg2 Kg4 48.Ra6 g5 49.hxg5 hxg5 50.Ra4 Rd3
51.Ra2 f4 52.gxf4 gxf4 53.Ra8 f3+ 54.Kh2 Rd5 55.Re8 Kf4 56.Rf8+ Rf5 57.Re8 Rg5
58.Kh1 Kf5 59.Re7 Rg8 60.Rf7+ Ke5 61.Rd7 Rg6 62.Rd1 e3 63.fxe3 Ke4 64.Rf1 Kxe3
65.Ra1 Kf2 66.Ra2+ Ke3 67.Ra3+ Kf4 68.Kh2 Rg2+ 69.Kh1 Rd2 70.Kg1 Kg3 71.Ra1 Rg2+
72.Kf1 Rh2 73.Kg1 f2+  0-1

[Event "Gyor opJ"]
[Site "Gyor"]
[Date "1992.??.??"]
[Round "?"]
[White "Fancsy, Imre"]
[Black "Csoke, Adrienn"]
[Result "1-0"]
[WhiteElo "2335"]
[BlackElo "2145"]

1.Nf3 d5 2.c4 e6 3.g3 Nf6 4.Bg2 Be7 5.O-O O-O 6.d4 dxc4 7.Qc2 c5 8.Qxc4 Nbd7
9.Rd1 Qb6 10.Nc3 cxd4 11.Nxd4 a6 12.e4 Ne5 13.Qe2 Bd7 14.Bf4 Ng6 15.Be3 Bc5
16.Rd2 Qa7 17.Rad1 Ne5 18.Bf4 Nc6 19.Nb3 e5 20.Nxc5 Bg4 21.f3 exf4 22.Qf2 fxg3
23.hxg3 Bh5 24.Nd5 Nxd5 25.Rxd5 Bg6 26.Rd7 Rab8 27.f4 h6 28.e5 Bf5 29.Bxc6 Bxd7
30.Bxd7 b6 31.Ne4 Qb7 32.Qg2 Rfd8 33.Bg4 Rxd1+ 34.Bxd1 Qc7 35.Nc3 b5 36.Bb3 b4
37.Ne4 Qc1+ 38.Kh2 a5 39.Nd6 a4 40.Bxf7+ Kh8 41.Bc4  1-0

[Event "Havana-A"]
[Site "Havana"]
[Date "1992.??.??"]
[Round "?"]
[White "Hedman Senarega, Jose Antonio"]
[Black "Ramon, Vivian"]
[Result "1/2-1/2"]
[WhiteElo "2315"]
[BlackElo "2260"]

1.Nf3 d5 2.c4 e6 3.b3 Nf6 4.Bb2 Be7 5.e3 O-O 6.Be2 c5 7.O-O Nc6 8.d3 b6 9.a3 Bb7
10.Nbd2 Rc8 11.Qc2 Qc7 12.Rac1 Qb8 13.Qb1 Rfd8 14.Rfd1 d4 15.exd4 cxd4 16.b4 e5
17.Re1 Bd6 18.Bf1 Ne7 19.g3 h6 20.c5 bxc5 21.bxc5 Rxc5 22.Rxc5 Bxc5 23.Nxe5 Bd5
24.Ndf3 Nc6 25.Qa1 Nxe5 26.Nxe5 Ba8 27.Bg2 Bxg2 28.Kxg2 Qb3 29.Qc1 Qd5+ 30.Nf3 Bb6
31.Qf4 Qb3 32.Bxd4 Bxd4 33.Nxd4 Qc3 34.Nf3 Rxd3 35.Rc1 Qa5 36.Rc8+ Rd8 37.Qc7 Qxc7
38.Rxc7 Rd7 39.Rxd7 Nxd7 40.Nd4 Ne5 41.f4 Nc4 42.a4 a5 43.Nb3 Nb6 44.Nc5 Kf8
45.Kf3 Ke7 46.Ke4 Kd6 47.Kd4 Kc6 48.f5 Kd6 49.g4 Kc6 50.h4 Kd6 51.Nb7+ Ke7
52.Nxa5 Nxa4 53.Nc4 Kf6 54.Ne3 Nb6 55.Kc5 Na4+ 56.Kd4 Nb6 57.Ke4 g6 58.fxg6 fxg6
59.Nd5+ Nxd5 60.Kxd5 h5  1/2-1/2

[Event "Helsinki op"]
[Site "Helsinki"]
[Date "1992.??.??"]
[Round "3"]
[White "Vladimirov, Evgeny"]
[Black "Moskalenko, Viktor"]
[Result "1-0"]
[WhiteElo "2585"]
[BlackElo "2535"]

1.Nf3 d5 2.c4 e6 3.g3 c6 4.b3 f5 5.Bg2 Nf6 6.O-O Be7 7.Ba3 Bxa3 8.Nxa3 e5
9.cxd5 e4 10.Nd4 cxd5 11.Rc1 O-O 12.Nab5 Qb6 13.e3 Nc6 14.Qc2 Bd7 15.Nxc6 bxc6
16.Nd4 Rac8 17.Qc5 Qb8 18.Rc3 Ng4 19.Rfc1 Ne5 20.Bf1 g5 21.b4 f4 22.exf4 gxf4
23.b5 fxg3 24.Rxg3+ Kh8 25.bxc6 Bxc6 26.Qe7 Rf7 27.Qe6 Re8 28.Nxc6 Nf3+ 29.Kh1 Rxe6
30.Nxb8 Re8 31.Nc6 Nxd2 32.Nd4 Rxf2 33.Be2 Rg8 34.Rxg8+ Kxg8 35.Rc2 e3 36.Rc3 Nc4  1-0

[Event "Helsinki op"]
[Site "Helsinki"]
[Date "1992.??.??"]
[Round "8"]
[White "Bagirov, Vladimir"]
[Black "Lputian, Smbat G"]
[Result "1/2-1/2"]
[WhiteElo "2500"]
[BlackElo "2585"]

1.Nf3 d5 2.c4 e6 3.d4 Nf6 4.Nc3 Be7 5.Bg5 h6 6.Bh4 O-O 7.e3 Ne4 8.Bxe7 Qxe7
9.cxd5 Nxc3 10.bxc3 exd5 11.Qb3 Rd8 12.c4  1/2-1/2

[Event "Oberliga Hessen"]
[Site "Hessen"]
[Date "1992.??.??"]
[Round "?"]
[White "Lisanti, Andre"]
[Black "Balzar, Andreas"]
[Result "1-0"]
[WhiteElo "2245"]
[BlackElo "2330"]

1.Nf3 d5 2.c4 e6 3.d4 c6 4.Nc3 Nf6 5.Bg5 dxc4 6.e4 b5 7.e5 h6 8.Bh4 g5 9.Nxg5 hxg5
10.Bxg5 Nbd7 11.exf6 Bb7 12.g3 Qa5 13.Bg2 O-O-O 14.O-O Ne5 15.dxe5 Rxd1 16.Rfxd1 b4
17.Ne4 Qxe5 18.Rd2 c5 19.h4 Bd5 20.Rad1 Bh6 21.f4 Qc7 22.Rxd5 exd5 23.Rxd5 Bxg5
24.fxg5 c3 25.bxc3 bxc3 26.Rd3 c4 27.Rxc3 Rd8 28.Bf1 Rd1 29.Rxc4 Rxf1+ 30.Kg2 Ra1
31.Nd6+ Kd7 32.Rxc7+ Kxc7 33.Nxf7 Rxa2+ 34.Kh3 Kd7 35.Ne5+ Ke6 36.f7 Rf2
37.g6 a5 38.g7 Rxf7 39.g8=Q  1-0

[Event "HUN-chT"]
[Site "HUN"]
[Date "1992.??.??"]
[Round "?"]
[White "Csikar, Bruno"]
[Black "Gyimesi, Zoltan"]
[Result "0-1"]
[WhiteElo "2240"]
[BlackElo "2230"]

1.Nf3 d5 2.c4 e6 3.b3 c5 4.Bb2 Nc6 5.g3 d4 6.Bg2 e5 7.d3 f5 8.O-O Bd6 9.e3 Nge7
10.exd4 exd4 11.Re1 O-O 12.Ng5 Rf6 13.Qh5 h6 14.Bd5+ Nxd5 15.Re8+ Qxe8 16.Qxe8+ Rf8
17.Qg6 Nf6 18.Nh7 Ne5 19.Nxf6+ Rxf6 20.Qe8+ Rf8 21.Qh5 f4 22.Qe2 Bg4 23.Qc2 Nf3+
24.Kh1 fxg3 25.hxg3 Rf5  0-1

[Event "HUN-chT"]
[Site "HUN"]
[Date "1992.??.??"]
[Round "?"]
[White "Csikar, Bruno"]
[Black "Csom, Etelka"]
[Result "1-0"]
[WhiteElo "2240"]
[BlackElo "2105"]

1.Nf3 d5 2.c4 c6 3.b3 Bf5 4.d3 e6 5.Bb2 Nf6 6.g3 h6 7.Bg2 Be7 8.O-O O-O 9.Nbd2 a5
10.a3 Nbd7 11.Rc1 Bh7 12.Rc2 Rc8 13.Qa1 Nc5 14.Rfc1 b6 15.cxd5 cxd5 16.Bd4 Qd7
17.Ne5 Qb7 18.b4 axb4 19.axb4 Na6 20.b5 Rxc2 21.Rxc2 Nc5 22.Ra2 Ncd7 23.Nc6 Bd6
24.Nc4 Bb8 25.Ra6 Re8 26.Nxb6 Qc7 27.Nxd7 Qxd7 28.Bxf6 gxf6 29.Qxf6 Bg6 30.Ra8 Bd6
31.Ra7 Qc8 32.Bxd5 exd5 33.Qxd6 Rxe2 34.Ne7+ Rxe7 35.Rxe7  1-0

[Event "HUN-chT"]
[Site "HUN"]
[Date "1992.??.??"]
[Round "?"]
[White "Dely, Peter"]
[Black "Kiss, Laszlo"]
[Result "1/2-1/2"]
[WhiteElo "2430"]
[BlackElo "2295"]

1.Nf3 d5 2.c4 c6 3.b3 Nf6 4.Bb2 Bf5 5.g3 e6 6.Bg2 h6 7.O-O Nbd7 8.d3 Bc5
9.Nbd2 O-O 10.Qe1 Bh7 11.e4 Qe7 12.a3 dxe4 13.dxe4 e5 14.b4 Bb6 15.c5 Bc7
16.Nh4 Qe6 17.Qe2 g5 18.Nhf3 a5 19.Rfc1 axb4 20.axb4 Ra2 21.Rab1 Rfa8 22.Ne1 b5
23.Nd3 Bg6 24.h3 Ne8 25.Qe3 f6  1/2-1/2

[Event "HUN-chT"]
[Site "HUN"]
[Date "1992.??.??"]
[Round "?"]
[White "Erdelyi, Tamas"]
[Black "Varga, Zoltan"]
[Result "0-1"]
[WhiteElo "2370"]
[BlackElo "2410"]

1.Nf3 d5 2.c4 d4 3.g3 c5 4.b4 cxb4 5.a3 b3 6.Bg2 Nc6 7.O-O Qb6 8.Bb2 e5 9.d3 f6
10.Nbd2 Na5 11.Re1 Nh6 12.e3 dxe3 13.Rxe3 Bg4 14.d4 O-O-O 15.dxe5 Bc5 16.Qe1 Bxe3
17.fxe3 Kb8 18.Bd4 Qe6 19.exf6 gxf6 20.Rb1 Rhe8 21.Qf2 Bh3 22.Nxb3 Nxb3 23.Rxb3 Bxg2
24.Qxg2 Qc6 25.Qf1 Nf5 26.Qf2 Qxc4 27.Nd2 Qc1+ 28.Nf1 Nxd4 29.exd4 Qc6 30.Qf4+ Qd6  0-1

[Event "HUN-chT"]
[Site "HUN"]
[Date "1992.??.??"]
[Round "?"]
[White "Hever, Miklos"]
[Black "Czegledi, Zsolt"]
[Result "1-0"]
[WhiteElo "2310"]
[BlackElo "2220"]

1.Nf3 d5 2.c4 e6 3.g3 Nf6 4.Bg2 Be7 5.O-O O-O 6.d4 b6 7.Ne5 Bb7 8.Nc3 Qc8
9.cxd5 Nxd5 10.Nxd5 exd5 11.Qb3 Qe6 12.e4 dxe4 13.Qxe6 fxe6 14.Re1 Nc6 15.Bxe4 Nxe5
16.Bxb7 Nf3+ 17.Bxf3 Rxf3 18.Bf4 Rd3 19.Rxe6 Bf8 20.Be3 Kf7 21.Re4 c5 22.Rc1 Rd8
23.dxc5 Rd1+ 24.Rxd1 Rxd1+ 25.Kg2 bxc5 26.Ra4 Rd7 27.Ra6 Rb7 28.b3 Ke8 29.Kf3 Kd7
30.Ke4 Kc8 31.Rc6+ Kd7 32.Kd5 Rb6 33.Rxb6 axb6 34.b4 cxb4 35.Bxb6 g5 36.Bc5 Bg7
37.Bxb4 h5 38.h3 Kc7 39.Bd2 Bf6 40.Ke6  1-0

[Event "HUN-chT"]
[Site "HUN"]
[Date "1992.??.??"]
[Round "?"]
[White "Szekely, Peter"]
[Black "Boguszlavszky, Jevgenyij"]
[Result "1-0"]
[WhiteElo "2450"]
[BlackElo "2355"]

1.Nf3 d5 2.c4 e6 3.g3 Nf6 4.Bg2 Nc6 5.O-O dxc4 6.Qa4 Bd7 7.Qxc4 Be7 8.d4 O-O
9.Rd1 Rc8 10.Nc3 Be8 11.e4 b5 12.Qe2 b4 13.d5 exd5 14.Nxd5 Nxd5 15.Rxd5 Bd6
16.e5 Qe7 17.Be3 Nxe5 18.Nxe5 c6 19.Rxd6 Qxd6 20.Qa6 Qc7 21.Nc4 Bd7 22.Bf4 Qd8
23.Rd1 Qe7 24.Qxa7 Rcd8 25.h4 Qe2 26.Rxd7 Qxc4 27.b3 Qc2 28.Rxd8 Rxd8 29.Qe7 Ra8
30.Qxb4 h6 31.a4 Rd8 32.Be3 Rd1+ 33.Kh2 f5 34.Qc4+  1-0

[Event "HUN-chT"]
[Site "HUN"]
[Date "1992.??.??"]
[Round "?"]
[White "Szekely, Peter"]
[Black "Szilagyi, Peter"]
[Result "1/2-1/2"]
[WhiteElo "2450"]
[BlackElo "2415"]

1.Nf3 d5 2.c4 e6 3.g3 dxc4 4.Qa4+ Nd7 5.Qxc4 b6 6.Bg2 Bb7 7.O-O Ngf6 8.b3 Be7
9.Bb2 O-O 10.d3 c5 11.Nbd2 Rc8 12.Rac1 Nd5 13.a3 Bf6 14.Qc2  1/2-1/2

[Event "Hyeres op"]
[Site "Hyeres"]
[Date "1992.??.??"]
[Round "?"]
[White "Flear, Christine"]
[Black "Dubois, Martine"]
[Result "1-0"]
[WhiteElo "2205"]
[BlackElo "2060"]

1.Nf3 d5 2.c4 c6 3.e3 Nf6 4.Be2 Bg4 5.b3 Nbd7 6.O-O e5 7.d3 Bd6 8.Nc3 Qe7
9.cxd5 Nxd5 10.Bb2 Nxc3 11.Bxc3 O-O 12.Nd2 Bxe2 13.Qxe2 Rad8 14.Nc4 Bb8 15.e4 Nc5
16.Bb4 b6 17.Rac1 Rd4 18.Bxc5 Qxc5 19.Ne3 Qb5 20.Nf5 Rxd3 21.Rxc6 g6 22.Ne7+ Kg7
23.Rc3 Rd5 24.Qg4 Rd3 25.Rc4 Qd7 26.Qh4 f6 27.Nd5 Bd6 28.h3 h5 29.Rfc1 Qe6
30.b4 g5 31.Qxh5 Rh8 32.Rc7+ Bxc7 33.Rxc7+ Kg8 34.Qg6+ Kf8 35.Qg7+  1-0

[Event "URS-ch U18"]
[Site "Jurmala"]
[Date "1992.??.??"]
[Round "?"]
[White "Fridman, Daniel"]
[Black "Svidler, Peter"]
[Result "0-1"]
[WhiteElo "2390"]
[BlackElo "2465"]

1.Nf3 d5 2.c4 e6 3.g3 Nf6 4.Bg2 Be7 5.O-O O-O 6.d4 c6 7.b3 b6 8.Bb2 Nbd7
9.Ne5 Bb7 10.Nc3 Nxe5 11.dxe5 Nd7 12.cxd5 cxd5 13.Nb5 Qb8 14.f4 Rd8 15.Rc1 a5
16.Kh1 Nc5 17.Nd4 g6 18.a3 Ne4 19.Bxe4 dxe4 20.e3 Bc5 21.Qg4 Bxd4 22.Bxd4 Rxd4
23.exd4 e3+ 24.Kg1 Qd8 25.h4 Qd5 26.Qh3 Qxd4 27.Rfd1 Qb2 28.Qh2 Qxb3 29.h5 e2
30.Re1 Rd8 31.Qf2 Rd1 32.h6 Qd5 33.Kh2 Qd2 34.Qxb6 Qxe1 35.Qxb7 Qxg3+ 36.Kxg3 e1=Q+
37.Kg4 Qe2+ 38.Kh4 Qh5+ 39.Kg3 Rd3+ 40.Kg2 Qh3+ 41.Kf2 Qe3+  0-1

[Event "Karvina op"]
[Site "Karvina"]
[Date "1992.??.??"]
[Round "8"]
[White "Asanov, Bolat"]
[Black "Bobrowska, Monika"]
[Result "1-0"]
[WhiteElo "2405"]
[BlackElo "2195"]

1.Nf3 d5 2.c4 c6 3.g3 Nf6 4.Bg2 e6 5.Qc2 Be7 6.O-O O-O 7.d3 Nbd7 8.Nc3 b6
9.Rd1 Bb7 10.e4 Qc7 11.Bf4 e5 12.Nxe5 Nxe5 13.d4 Bd6 14.dxe5 Bxe5 15.Bxe5 Qxe5
16.exd5 cxd5 17.cxd5 Rfd8 18.Re1 Qh5 19.Rad1 Bc8 20.d6 Rb8 21.Nd5 Ng4 22.h3 Ne5
23.Ne7+ Kh8 24.Qe2 Qxe2 25.Rxe2  1-0